Environmental Risk Assessment Focused on Water Quality in the Laborec River Watershed

Na minha lista:
Detalhes bibliográficos
Autor principal: Zeleňáková, Martina
Outros Autores: Kubiak-Wójcicka, Katarzyna, Weiss, Roland, 1984-, Weiss, Erik, 1979-, Abd-Elhamid, Hany F.
Formato: Capítulo de Livro
Idioma:inglês
Tags: Adicionar Tag
Sem tags, seja o primeiro a adicionar uma tag!

MARC

LEADER 00000naa a2200000 4500
001 0308069
005 20250423081438.8
041 0 |a eng 
044 |a PL 
245 1 0 |a Environmental Risk Assessment Focused on Water Quality in the Laborec River Watershed  |c Martina Zeleňáková, Katarzyna Kubiak-Wójcicka, Roland Weiss, Erik Weiss, Hany F. Abd-Elhamid 
100 1 |a Zeleňáková, Martina 
700 1 |a Kubiak-Wójcicka, Katarzyna 
700 1 |a Weiss, Roland, 1984- 
700 1 |a Weiss, Erik, 1979- 
700 1 |a Abd-Elhamid, Hany F.